01382nac a22002777a 4500001001000000003000900010005001700019008003400036040005400070072000800124090001800132110008900150110009400239245010200333260004100435300000800476490010000484500013200584650001900716650002400735650001900759909004700778942001700825999001900842952024300861BR5800235BR-BrBNA20240105112934.0230509b bl.|||m| |||| 00| 0 por d aBR-BrBNAbporcBiblioteca Nacional de Agricultura aC20 aC20 BR58002351 aAssociacao de Credito e Assistencia Rural de Santa Catarina, Florianopolis (Brasil);1 aEscritorio Tecnico de Agricultura Brasil-Estados Unidos, Florianopolis, SC (Brasil)944241 aRelatorio 2. trimestre 1958 [Associacao de Credito e Assistencia Rural de Santa Catarina, Brasil]3 aFlorianopolis, SC (Brasil): c1958.  avp. aRelatorio Trimestral - Associacao de Credito e Assistencia Rural de Santa Catarina (Brazil)vx a[ca. 27]p. (*) Documento disponível na(o) Associacao de Credito e Assistencia Rural de Santa Catarina, Florianopolis (Brazil) aEXTENSAO RURAL aASSISTENCIA TECNICA aSANTA CATARINA a202312bLúcia Elandec55dLúcia Elande 2AGRISn0cMS c261028d261028 002AGRIS40728Acervo Gerala41918b41918cAGROBASEl0r2023-12-18yMSz[ca. 27]p. (*) Documento disponível na(o) Associacao de Credito e Assistencia Rural de Santa Catarina, Florianopolis (Brazil)ePortaria Interministerial nº 164/94